| 000 | 00606nam a2200229Ia 4500 | ||
|---|---|---|---|
| 003 | OSt | ||
| 005 | 20230324163636.0 | ||
| 008 | 210423s2008 xx 000 0 und d | ||
| 020 | _a- | ||
| 040 | _cAL | ||
| 041 | _aeng | ||
| 082 |
_a336.207 _223 _bMEHH |
||
| 100 |
_aMEHROTRA (H C);GOYAL (S P) _977681 |
||
| 245 | _aBusiness taxation III: 2008-2009 | ||
| 260 |
_aNew Delhi _bSahitya Bhawan Publications _c2008 |
||
| 300 |
_a259 _bPB |
||
| 365 |
_b150 _cINR |
||
| 650 |
_aEconomics _977682 |
||
| 650 |
_aPublic Finance _977683 |
||
| 906 | _a2008-2009 ; Business ; III: ; taxation | ||
| 942 |
_2ddc _cBK |
||
| 999 |
_c155899 _d155899 |
||